Norbergs berggrund och malmfyndigheter, (Record no. 27294)
[ view plain ]
| 000 -LEADER | |
|---|---|
| fixed length control field | 01034cam a22002651 4500 |
| 001 - CONTROL NUMBER | |
| control field | gs 36000301 |
| 003 - CONTROL NUMBER IDENTIFIER | |
| control field | DLC |
| 005 - DATE AND TIME OF LATEST TRANSACTION | |
| control field | 20260227111341.0 |
| 008 - FIXED-LENGTH DATA ELEMENTS--GENERAL INFORMATION | |
| fixed length control field | 810112s1936 sw ab b 000 0 swe c |
| 010 ## - LIBRARY OF CONGRESS CONTROL NUMBER | |
| LC control number | gs 36000301 |
| 035 ## - SYSTEM CONTROL NUMBER | |
| System control number | (OCoLC)7056843 |
| 040 ## - CATALOGING SOURCE | |
| Original cataloging agency | U.S. Geological Survey |
| Transcribing agency | NIC |
| Modifying agency | DLC |
| 041 0# - LANGUAGE CODE | |
| Language code of text/sound track or separate title | swe |
| Language code of summary or abstract | eng |
| 042 ## - AUTHENTICATION CODE | |
| Authentication code | premarc |
| 050 00 - LIBRARY OF CONGRESS CALL NUMBER | |
| Classification number | QE282 |
| Item number | .A3 ser. Ca, no. 24 |
| 100 1# - MAIN ENTRY--PERSONAL NAME | |
| Personal name | Geijer, Per, |
| Dates associated with a name | 1886-1976. |
| 245 00 - TITLE STATEMENT | |
| Title | Norbergs berggrund och malmfyndigheter, |
| Statement of responsibility, etc. | av Per Geijer med 6 tavlor. Summary: Geology and ore deposits of Norberg. |
| 260 ## - PUBLICATION, DISTRIBUTION, ETC. | |
| Place of publication, distribution, etc. | Stockholm. |
| Name of publisher, distributor, etc. | Kungl. boktryckeriet, P. A. Norstedt & söner, |
| Date of publication, distribution, etc. | 1936. |
| 300 ## - PHYSICAL DESCRIPTION | |
| Extent | 162 p. |
| Other physical details | illus., 6 fold. maps (part col., in pocket) diagrs. |
| Dimensions | 31 cm. |
| 490 0# - SERIES STATEMENT | |
| Series statement | [Sweden] Sveriges geologiska undersökning. Ser. Ca. Avhandlingar och uppsatser i 4:o |
| Volume/sequential designation | no. 24 |
| 500 ## - GENERAL NOTE | |
| General note | Summary in English: p. 152-158. |
| 504 ## - BIBLIOGRAPHY, ETC. NOTE | |
| Bibliography, etc. note | "Förteckning över citerad litteratur": p. 160-162. |
| 650 #0 - SUBJECT ADDED ENTRY--TOPICAL TERM | |
| Topical term or geographic name entry element | Geology |
| Geographic subdivision | Sweden |
| -- | Norberg. |
| 650 #0 - SUBJECT ADDED ENTRY--TOPICAL TERM | |
| Topical term or geographic name entry element | Ore deposits |
| Geographic subdivision | Sweden |
| -- | Norberg. |
No items available.